000 00727nam a22002297a 4500
003 OSt
005 20240625132403.0
008 240625b |||||||| |||| 00| 0 eng d
020 _a0195211103
040 _cMUST
082 _a338 IND 1996
100 _4edited by M.J. Roberts
245 _aIndustrial evolution in developing countries
260 _aWashington
_b: Oxford university press
_cC 1996
300 _axiii,345p
_b: ill
_c; 24 cm
504 _aincludes index
650 _2Industrialisation- Developing countries
650 _aLabor turnover- developing countries - case studies
_917831
650 _aDeveloping countries- Manufacturers- Casestudies
_917832
700 _4James R. Tybout
942 _2ddc
_cO_SHELF
999 _c8825
_d8825